[Event "EU-chT (Men) 13th"]
[Site "Leon"]
[Date "2001.11.10"]
[Round "5.1"]
[White "Kacheishvili, Giorgi"]
[Black "Fedorov, Alexei"]
[Result "0-1"]
[WhiteElo "2583"]
[BlackElo "2599"]
[Annotator "Atlas,V"]
[PlyCount "104"]
[EventDate "2001.11.06"]
[EventType "team-swiss"]
[EventRounds "9"]
[EventCountry "ESP"]
[SourceTitle "CBM 086"]
[Source "ChessBase"]
[SourceDate "2002.02.05"]
[SourceVersion "1"]
[SourceVersionDate "2002.02.05"]
[SourceQuality "1"]
[WhiteTeam "Georgia"]
[BlackTeam "Belarus"]
[WhiteTeamCountry "GEO"]
[BlackTeamCountry "BLR"]

1. d4 Nf6 2. c4 g6 3. g3 Bg7 4. Bg2 O-O 5. Nf3 d6 6. O-O Nc6 7. Nc3 a6 8. e4
Bg4 9. Be3 Nd7 10. Qd2 Bxf3 11. Bxf3 e5 12. d5 Nd4 13. Bg2 c5 14. dxc6 bxc6 15.
f4 a5 16. b3 Nb6 17. Qd3 c5 18. Rab1 a4 19. b4 cxb4 20. Rxb4 Nd7 21. Qd2 a3 22.
Nb5 Qa5 23. Bxd4 exd4 24. Nxd6 Rab8 25. Rfb1 Nc5 26. e5 Rb6 27. Bd5 Na6 28. Nb5
Nxb4 29. Qxb4 Qxb4 30. Rxb4 Rd8 31. Rb3 Bf8 32. Kg2 Bc5 33. g4 g5 34. Kg3 Re8
35. h4 h6 36. Kf3 Kg7 37. Ke4 gxf4 38. Rf3 f6 39. e6 Rbxe6+ 40. Bxe6 Rxe6+ 41.
Kd3 Re1 42. Rxf4 Re3+ 43. Kc2 Re2+ 44. Kd3 Rxa2 45. Nxd4 Rb2 46. Rf1 Kg6 47.
Ne6 Bd6 48. c5 a2 49. Ra1 Be5 50. h5+ Kf7 51. Nd8+ (51. Nd4 {is strongly met by
} Rg2 $19) 51... Ke8 52. Nc6 {[%tqu "En","Black has a terrific position. How
to harvest it?","The passed a-pawn is your main trump in this position. Try to
make use of it.","Sacrifice your rook to open the way to your passed pawn.",
"b2d2","Correct! This powerful strike wins immediately.",5]} Rd2+ {[%csl Ra1]
[%cal Ge5a1,Ga2a1]} (52... Rd2+ {, and White resigned in view of the line:} 53.
Kxd2 Bxa1 54. Nb4 (54. Kc2 Bc3) 54... Bc3+ $1) 0-1

[Event "FIDE World Cup"]
[Site "Khanty-Mansiysk"]
[Date "2005.11.27"]
[Round "1.1"]
[White "Matamoros Franco, Carlos S"]
[Black "Bologan, Viktor"]
[Result "0-1"]
[WhiteElo "2501"]
[BlackElo "2682"]
[Annotator "Mueller,Karsten"]
[PlyCount "178"]
[EventDate "2005.11.27"]
[EventType "k.o."]
[EventRounds "7"]
[EventCountry "RUS"]
[SourceTitle "CBM 111"]
[Source "ChessBase"]
[SourceDate "2006.04.04"]
[SourceVersion "1"]
[SourceVersionDate "2006.04.04"]
[SourceQuality "1"]

1. Nf3 Nf6 2. c4 g6 3. g3 Bg7 4. Bg2 O-O 5. O-O d6 6. d4 Nc6 7. Nc3 Rb8 8. b3
a6 9. d5 Na5 10. Bd2 c5 11. dxc6 Nxc6 12. Rc1 Bf5 13. Ne1 Qd7 14. Nd3 Bh3 15.
Bxh3 Qxh3 16. Nf4 Qd7 17. Nfd5 Nxd5 18. Nxd5 e6 19. Nb6 Qd8 20. Be3 Ne7 21. f3
d5 22. cxd5 exd5 23. Bc5 Re8 24. e3 d4 25. Bxd4 Nf5 26. Bxg7 Qxb6 27. Bd4 Qa5
28. Rf2 Rbd8 29. Rd2 Nxd4 30. exd4 h5 31. Kg2 Rd5 32. Rc5 Rxc5 33. dxc5 Qxc5
34. Rd8 Rxd8 35. Qxd8+ Kg7 36. Qd2 b5 37. Qb2+ Kg8 38. b4 Qe3 39. h4 Qe1 40. f4
Qe4+ 41. Kf2 Qd3 42. Qb3 Qd2+ 43. Kf3 Kg7 44. Ke4 Kf6 45. a3 Ke7 46. Qe3 Qxe3+
47. Kxe3 Kf6 48. Ke4 Ke6 49. Kd4 Kf5 50. Kc5 Kg4 51. Kb6 Kxg3 52. Kxa6 Kxf4 53.
Kxb5 g5 54. Ka6 gxh4 55. b5 h3 56. b6 h2 57. b7 h1=Q 58. b8=Q+ Kf5 59. Qc8+ Kf6
60. Qd8+ Ke6 61. Qc8+ Kd6 62. Qf8+ Ke5 63. Qe7+ Kd4 64. Qf6+ Ke3 65. Qe5+ $2 {
Erlaubt die Zentralisierung der schwarzen Dame.} ({Mit} 65. Qc3+ {konnte Weiß
aufgrund der schlechten Stellung der schwarzen Dame relativ leicht remis
halten.}) 65... Qe4 66. Qxh5 (66. Qxe4+ $2 Kxe4 67. a4 h4 68. a5 h3 69. Kb6 h2
70. a6 h1=Q 71. a7 Ke5 $19) 66... f5 67. Qh3+ Kd2 68. Qh2+ Kc3 69. Kb5 f4 70.
Qh8+ Kb3 71. Qf8 f3 72. Qf7+ Kxa3 73. Qf8+ Kb2 74. Qf6+ Kc2 75. Ka6 $6 Qd5 $6 {
[%mdl 4096] Schwarz konnte forciert auf b2 oder c3 die Damen tauschen:} (75...
Qd3+ 76. Kb7 Qb3+ 77. Ka8 Qa3+ 78. Kb7 Qb2+ $19) 76. Qf4 Kd3 77. Qg3 Qc4+ 78.
Ka7 Qc5+ 79. Ka8 Qd5+ 80. Ka7 Ke2 81. Qg4 Kd3 82. Qg3 Qd4+ 83. Ka6 Ke2 84. Qh3
f2 85. Qh5+ (85. Qe6+ Kd2 86. Qa2+ Kc1 87. Qa3+ Qb2 88. Qe3+ Kd1 89. Qd3+ Ke1
90. Qg3 Qd4 91. Kb7 Ke2 92. Qh2 Qf6 93. Kb8 Kd1 94. Qh5+ Kc1 95. Qc5+ Kb1 $19)
85... Ke1 86. Qa5+ Kd1 87. Qh5+ Kc2 88. Qe2+ Kc3 89. Kb7 Qg7+ (89... Qg7+ 90.
Kb8 Qf8+ 91. Kb7 Qf7+ 92. Kb6 f1=Q $19) 0-1